00608 a2200193 450000100060000002000180000604000240002410000230004824000410007124500360011230000060014836200090015444000110016365000310017494200070020595200890021295200960030199900170039746756 a7898526012844 cAnchieta - Aquarius aMachado, Ana Maria10aO menino que espiava pra dentrolpor10aO menino que espiava pra dentro a 0 a2008 1aGlobal 4aLiteratura infanto-juvenil cBK 00104070a87.1b87.1d2023-11-21l0p4858/AQUr2023-11-21 15:13:26w2023-11-21yBK 00102ddc4070a57.2b57.2d2024-07-05l0pif836r2024-07-05 12:25:30w2024-07-05yBKzOu c46756d46756